000 00271nam a2200109Ia 4500
008 220204s9999 xx 000 0 und d
020 _a054257778
082 _a0582006
_bMAN
245 0 _aManorama yearbook 2006
260 _aKottayam
_bMalayala Manorama
_c2006
942 _cBK
999 _c42563
_d42563